LEADER 04541nam 2200601 450 001 9910787965103321 005 20220315032156.0 010 $a90-04-27312-3 024 7 $a10.1163/9789004273122 035 $a(CKB)2670000000558808 035 $a(EBL)1730293 035 $a(SSID)ssj0001261938 035 $a(PQKBManifestationID)11857417 035 $a(PQKBTitleCode)TC0001261938 035 $a(PQKBWorkID)11206833 035 $a(PQKB)11745472 035 $a(MiAaPQ)EBC1730293 035 $a(nllekb)BRILL9789004273122 035 $a(Au-PeEL)EBL1730293 035 $a(CaPaEBR)ebr10891262 035 $a(CaONFJC)MIL625492 035 $a(OCoLC)884271589 035 $a(PPN)184936047 035 $a(EXLCZ)992670000000558808 100 $a20140718h20142014 uy 0 101 0 $aeng 135 $aur|n|---||||| 181 $ctxt 182 $cc 183 $acr 200 00$aHandbook of Freemasonry /$fedited by Henrik Bogdan, Jan A. M. Snoek 210 1$aLeiden, Netherlands :$cBrill,$d2014. 210 4$d©2014 215 $a1 online resource (689 p.) 225 1 $aBrill Handbooks on Contemporary Religion,$x1874-6691 ;$vVolume 8 300 $aDescription based upon print version of record. 311 $a90-04-21833-5 320 $aIncludes bibliographical references and indexes at the end of each chapters. 327 $tPreliminary Material /$rHenrik Bogdan and Jan A.M. Snoek --$tIntroduction /$rHenrik Bogdan and Jan A.M. Snoek --$tThe History of Freemasonry: An Overview /$rJan A.M. Snoek and Henrik Bogdan --$tThe Old Charges /$rAndrew Prescott --$tThe Origins of Freemasonry: Scotland /$rDavid Stevenson --$tThe Origins of Freemasonry: England /$rMatthew D.J. Scanlan --$tFreemasonry and Templarism /$rPierre Mollier --$tFreemasonry and the Enlightenment /$rMargaret Jacob and Matthew Crow --$tMasonic Historiography /$rCharles Porset --$tFreemasonry and the Catholic Church /$rJosé A. Ferrer Benimeli --$tFreemasonry and the Orthodox Churches /$rJean-François Var --$tFreemasonry and Protestantism /$rGuy Liagre --$tFreemasonry and Judaism /$rRobert Jan van Pelt --$tFreemasonry and Islam /$rThierry Zarcone --$tFreemasonry and Eastern Religions /$rJessica Harland-Jacobs and Jan A.M. Snoek --$tFreemasonry and Western Esotericism /$rHenrik Bogdan --$tFreemasonry and New Religious Movements /$rMassimo Introvigne --$tMasonic Rituals of Initiation /$rJan A.M. Snoek --$tFreemasonry and Performance /$rKristiane Hasselmann --$tMasonic Rites and Systems /$rArturo de Hoyos --$tRelationships between Grand Lodges /$rJan A.M. Snoek --$tFreemasonry and Friendly Societies /$rDaniel Weinbren --$tFreemasonry and Women /$rJan A.M. Snoek --$tFreemasonry and Blacks /$rCécile Révauger --$tFreemasonry and Colonialism /$rJessica Harland-Jacobs --$tFreemasonry and Nationalism /$rJeffrey Tyssens --$tFreemasonry and War /$rFrançois Rognon --$tFreemasonry and Music /$rMalcolm Davies --$tFreemasonry and Literature /$rRobert. A. Gilbert --$tFreemasonry and Modern Art /$rMarijo Ariëns-Volker --$tFreemasonry and Architecture /$rJames Stevens Curl --$tThe Material Culture of Freemasonry /$rMark J.R. Dennis --$tSubject Index /$rHenrik Bogdan and Jan A.M. Snoek --$tIndex of Proper Names /$rHenrik Bogdan and Jan A.M. Snoek. 330 $aFreemasonry is the largest, oldest, and most influential secret society in the world. The Brill Handbook of Freemasonry is a pioneering work that brings together, for the first time, leading scholars on Freemasonry. The first section covers historical perspectives, such as the origins and early history of Freemasonry. The second deals with the relationship between Freemasonry and specific religious traditions such as the Catholic Church, Judaism, and Islam. In the third section, organisational themes, such as the use of rituals, are explored, while the fourth section deals with issues related to society and politics - women, blacks, colonialism, nationalism, and war. The fifth and final section is devoted to Freemasonry and culture, including music, literature, modern art, architecture and material culture. 410 0$aBrill handbooks on contemporary religion ;$vVolume 8. 606 $aFreemasonry$xHistory 615 0$aFreemasonry$xHistory. 676 $a366/.1 702 $aBogdan$b Henrik 702 $aSnoek$b Joannes Augustinus Maria$f1946- 801 0$bMiAaPQ 801 1$bMiAaPQ 801 2$bMiAaPQ 906 $aBOOK 912 $a9910787965103321 996 $aHandbook of Freemasonry$93849466 997 $aUNINA LEADER 03341oam 2200649zu 450 001 9910140130203321 005 20210807001153.0 010 $a2-8218-5083-2 024 7 $a10.4000/books.pupo.2917 035 $a(CKB)2560000000351948 035 $a(SSID)ssj0001537452 035 $a(PQKBManifestationID)11890208 035 $a(PQKBTitleCode)TC0001537452 035 $a(PQKBWorkID)11519696 035 $a(PQKB)10576313 035 $a(WaSeSS)IndRDA00044780 035 $a(FrMaCLE)OB-pupo-2917 035 $a(oapen)https://directory.doabooks.org/handle/20.500.12854/48149 035 $a(PPN)182401715 035 $a(oapen)doab48149 035 $a(EXLCZ)992560000000351948 100 $a20160829d2008 uy 101 0 $afre 135 $aur||||||||||| 181 $ctxt 182 $cc 183 $acr 200 00$aFrontières, marges et confins 210 $cPresses universitaires de Paris Nanterre$d2008 210 31$a[Place of publication not identified]$cPresses universitaires de Paris Ouest$d2008 215 $a1 online resource (524 pages) 225 0 $aSciences humaines et sociales 300 $aBibliographic Level Mode of Issuance: Monograph 311 08$a2-84016-009-9 330 $aCet ouvrage met en question les termes de frontières, de marges et de confins dans une perspective pluridisciplinaire. Il aborde respectivement, l?éthique des frontières, l?espace psychique, l?altérité et les marges telles qu?elles sont vécues et perçues dans les champs de la sociologie, de l?histoire, de l?histoire de l?art et des arts du spectacle. Il interroge également les marginalités créatrices de l?écriture et la représentation des marges en littérature. Témoin de la volonté d?un groupe de chercheurs en sciences humaines de sortir des champs de leur discipline pour esquisser un espace transfrontalier, il inaugure la collection « Chemins croisés ». En faisant émerger de nouveaux objets d?investigation, de nouveaux paradigmes dans une zone frontalière où s?épanouissent les échanges, ces chercheurs souhaitent, tels les drogmans d?antan, servir d?interface en incarnant la fécondité des espaces d?entre-deux dans lesquels s?enrichissent les langues et les cultures. Penser la frontière, les marges et les confins, c?est convoquer la figure de l?étranger, esquisser celle du passeur, dévoiler l?in-su que chacun porte en soi et instaurer des passerelles entre générations et civilisations ; c?est affirmer, pour reprendre les termes de Montaigne, que nous « pensons toujours ailleurs ». 606 $aLanguages & Literatures$2HILCC 606 $aLiterature - General$2HILCC 610 $aaltérité 610 $aflux migratoires 610 $amarginalité 610 $alimites 610 $afrontières 610 $atrandisciplinarité 610 $amarges 610 $aterritoires frontaliers 610 $alittérature des marges 610 $aperception 610 $asociologie 615 7$aLanguages & Literatures 615 7$aLiterature - General 700 $aCorinne Alexandre-Garner (dir.)$4auth$01356524 702 $aAlexandre-Garner$b Corinne 801 0$bPQKB 906 $aBOOK 912 $a9910140130203321 996 $aFrontières, marges et confins$93361113 997 $aUNINA